000 00735nam a2200265Ia 4500
001 32962
005 20240114001628.0
007 ta
008 061201s2004 a g b000 u 465 u
020 _a81-85229-87-2
040 _aCotton College,Assam
041 _a465
082 _a303.4896
_bBh 469 Gl
100 _aBhattacharya, Malini .
245 0 _aGlobalization: Perspectives in Women`s Studies /
_cMalini Bhattacharya.
_hTextual Documents
250 _a1st ed. /
260 _aNew Delhi :
_bTulika Books ,
_c2004.
300 _avii,173p. :
_bill ;
_c22cm .
504 _aIndex
653 _aGlobalization
653 _aMS-Political Science
942 _2ddc
_cBK
999 _c32944
_d32944